Представление документа в формате RUSMARC

ПолеНазваниеЗначение
  Тип записи a
  Библиографический уровень m
001 Контрольный номер UONB/MAIN/c3f9125862e846f69ee0736d541a34a6
005 Дата корректировки 20250707162600.2
010 Индекс ISBN __
d Цена 1 р. 2 к.
9 Тираж 50000 экз.
b Уточнения в пер.
100 Данные общей обработки __
a Данные общей обработки 20240505d1967 u y0rusy0189 ca
101 Язык документа 0_
a Язык текста rus
102 Страна публикации __
a Страна публикации RU
105 Кодированные данные (монография) __
a Кодированные данные (монография) a z 001yy
200 Заглавие и сведения об ответственности 1_
a Заглавие Расчет и конструирование металлорежущих станков
f Первые сведения об ответственности А.С. Проников
e Сведения, относящиеся к заглавию учеб. пособие для машиностроит. специальностей втузов
203 Вид содержания и тип средства __
a Вид содержания Текст
b Характеристика содержания визуальный
c Тип средства непосредственный
205 Сведения об издании __
a Основные сведения об издании 2-е изд., перераб. и доп.
210 Выходные данные 1_
a Место издания Москва
c Издательство Высш. школа
d Дата издания 1967
215 Физическое описание __
a Объем 431 с.
d Формат 22 см
c Иллюстрации/тип воспроизводства ил., черт.
320 Библиография __
a Библиография Библиогр.: с. 423-426
606 Тематические рубрики 0_
a Основная рубрика Металлорежущие станки
x Основная подрубрика Конструкция и расчет
j Формальный подзаголовок Учебники и пособия
610 Ключевые слова 0_
a Ключевые слова машины; металлорежущие станки
675 Индекс УДК __
a Индекс УДК 6П4.6-081.1
686 Индексы других классификаций __
a Классификационный индекс 34
2 Код системы rubbk
700 Автор _1
a Фамилия Проников
b Имя (инициалы) А.С.
g Полное личное имя Александр Сергеевич
801 Источник записи _0
a Страна RU
b Организация Ульяновская ОНБ
c Дата составления 20240505
g Правила каталогизации RCR
801 Источник записи _1
a Страна RU
b Организация Ульяновская ОНБ
c Дата составления 20240505
g Правила каталогизации RCR
901 Тип документа __
t Тип документа m
909 Создатель записи __
a Создатель записи Полина
b Дата создания записи 20240505